| 000 | 01912nam a2200385 4500 | ||
|---|---|---|---|
| 003 | CHAP | ||
| 005 | 20240517133036.0 | ||
| 007 | ta | ||
| 008 | 220804s2019 mx dbo|fr|||| 001 0 spa d | ||
| 040 | _amxchpua | ||
| 090 |
_aT.C.813 _bE87 SAI _c2019 |
||
| 245 | 1 | 0 |
_aAnálisis sistémico de la cadena agroindustrial vinos en Baja California / _ccoordinadores Anastacio Espejel García y Evelio Aguilar Gidiño ; colaboradores Zaida Álvarez Juárez...[et al.] |
| 260 |
_aChapingo, México : _bEl autor, _c2019 |
||
| 300 |
_a123 hojas : _bgráficas, mapas, diagramas, tablas, fotos + _e1 CD-ROM |
||
| 336 |
_2rdacontent _atexto _btxt |
||
| 337 |
_2rdamedia _ano mediado _bn |
||
| 338 |
_2rdacarrier _avolumen _bnc |
||
| 500 | _aGrado: 6° Grupo: 4 | ||
| 502 |
_aViaje de Estudios _b(SAI) -- _cUACh. Departamento de Ingeniería Agroindustrial, _d2019 |
||
| 504 | _aBibliografía: h.92-93 | ||
| 505 | 0 |
_aVisitas :
_t1. Solar Fortun 2. Paralelo S.A. de C.V. 3. Cava Maciel 4. Casa Fuentes 5. Corona del Valle 6. Concierto Enologíco 7. Torres y Alegres 8. La casa de doña Lupe 9. Roganto 10. Vinicola Roa 11.Quinta Monasterio 12. Universidad Autónoma de Baja California 13. SEDAGRO 14. Secretaría de Agricultura y Desarrollo Rural (SADER) |
|
| 650 | 1 | 3 |
_9119879 _aVinos |
| 650 | 1 | 3 |
_9151244 _aVinificación |
| 650 | 1 | 3 |
_aIndustria del vino _zMéxico _zBaja California |
| 650 | 1 | 3 |
_aBebidas alcohólicas _zMéxico |
| 650 | 1 | 3 |
_9148017 _aWines |
| 650 | 1 | 3 |
_9151246 _aWinemaking |
| 650 | 1 | 3 |
_aWine industry _zMexico _zBaja California |
| 650 | 1 | 3 |
_aAlcoholic beverages _zMexico |
| 700 | 1 |
_aEspejel García, Anastacio _ecoordinador _937809 |
|
| 700 | 1 |
_aAguilar Gudino, Evelio _ecoordinador _92721 |
|
| 700 | 1 |
_9185329 _aÁlvarez Juárez, Zaida _ecolaboradora |
|
| 856 | 4 | 1 |
_uhttp://10.13.5.2/ve/T_C_813_SAI/T_C_813_SAI_2019_REPORTE.pdf _yDESCARGAR REPORTE |
| 942 | _2local | ||
| 999 |
_c217545 _d217545 |
||